[Event "Napoli Porreca Memorial 2nd"]
[Site "Napoli"]
[Date "2012.09.27"]
[Round "2"]
[White "Baltzopoulos, Giorgos"]
[Black "Rosato, Luciano"]
[Result "1-0"]
[WhiteElo "1941"]
[BlackElo "2229"]
[PlyCount "103"]
[EventDate "2012.09.20"]
[EventType "swiss"]
[EventRounds "7"]
[EventCountry "ITA"]
[SourceTitle "EXT 2014"]
[Source "ChessBase"]
[SourceDate "2013.11.20"]
[SourceVersion "1"]
[SourceVersionDate "2013.11.20"]
[SourceQuality "1"]

1. d4 d6 2. c4 e5 3. d5 f5 4. Nc3 Nf6 5. Nf3 Be7 6. g3 0-0 7. Bg2 a5 8. Nd2 Na6 9. Nb3 b6 10. 0-0 Nd7 11. Be3 Nac5 12. Nxc5 bxc5 13. Bd2 Bf6 14. e4 Nb6 15. b3 f4 16. a4 Bg5 17. Nb5 Rf7 18. Bf3 Bh3 19. Bg4 Bxf1 20. Kxf1 Kh8 21. Be6 Rf8 22. Qg4 Qf6 23. Ra2 g6 24. h4 Bh6 25. Nxc7 Rab8 26. Nb5 Nc8 27. Kg2 f3+ 28. Kf1 Bxd2 29. Rxd2 h5 30. Qh3 g5 31. hxg5 Qxg5 32. Ke1 Kg7 33. Kd1 Rh8 34. Rd3 Rf8 35. Bf5 Ne7 36. Nxd6 Rb6 37. Nc8 Nxc8 38. Bxc8 Rb8 39. Bf5 Rf6 40. Rxf3 Rfb6 41. Kc2 Qh6 42. Be6 Qg6 43. Qh4 R6b7 44. Rf5 Rxb3 45. Rg5 Rb2+ 46. Kd1 Ra2 47. Rxg6+ Kxg6 48. Bf5+ Kg7 49. Qg5+ Kf8 50. Qf6+ Kg8 51. Qg6+ Kf8 52. Qd6+ 1-0

[Event "Napoli Sociale-ch"]
[Site "Napoli"]
[Date "2012.07.12"]
[Round "7"]
[White "Grasso, Nino"]
[Black "Rosato, Luciano"]
[Result "1/2-1/2"]
[WhiteElo "2010"]
[BlackElo "2253"]
[PlyCount "120"]
[EventDate "2012.05.31"]
[EventType "swiss"]
[EventRounds "7"]
[EventCountry "ITA"]
[SourceTitle "EXT 2018"]
[Source "ChessBase"]
[SourceDate "2017.10.13"]
[SourceVersion "1"]
[SourceVersionDate "2017.10.13"]
[SourceQuality "1"]

1. e4 d6 2. d4 g6 3. Nc3 Bg7 4. Be3 a6 5. Qd2 Nd7 6. h4 h6 7. 0-0-0 b5 8. h5 g5 9. f4 gxf4 10. Bxf4 Bb7 11. a3 e5 12. dxe5 Nxe5 13. Nf3 Nxf3 14. gxf3 Be5 15. Bh3 Bxf4 16. Qxf4 Qg5 17. Qxg5 hxg5 18. Rdg1 f6 19. Nd5 Bxd5 20. exd5 Kf8 21. Be6 Re8 22. f4 gxf4 23. Rg6 Nh6 24. Rxf6+ Ke7 25. Rxf4 Ref8 26. Rhf1 Rxf4 27. Rxf4 Rh7 28. c4 Rg7 29. cxb5 axb5 30. Re4 Rg5 31. Bc8+ Kf8 32. Bb7 Rxh5 33. Rb4 Nf7 34. Rxb5 Nd8 35. Ba8 Ke7 36. Rb8 c6 37. dxc6 Nxc6 38. Bxc6 Rc5+ 39. Kd2 Rxc6 40. a4 Ra6 41. b3 Kd7 42. Kc3 Kc6 43. Rc8+ Kb7 44. Rg8 Rc6+ 45. Kb4 Rb6+ 46. Ka3 Rc6 47. Rg3 d5 48. Rd3 Rd6 49. Kb4 Kc6 50. a5 Rh6 51. Rd4 Rh1 52. Rg4 Rh6 53. Ka4 Rd6 54. b4 d4 55. b5+ Kc5 56. a6 d3 57. Rg1 d2 58. Rd1 Rd4+ 59. Ka5 Rd3 60. Ka4 Rd4+ 1/2-1/2

[Event "Napoli Sociale-ch"]
[Site "Napoli"]
[Date "2012.06.07"]
[Round "2"]
[White "Rosato, Luciano"]
[Black "Ficco, Corrado"]
[Result "0-1"]
[WhiteElo "2253"]
[BlackElo "2079"]
[PlyCount "142"]
[EventDate "2012.05.31"]
[EventType "swiss"]
[EventRounds "7"]
[EventCountry "ITA"]
[SourceTitle "EXT 2018"]
[Source "ChessBase"]
[SourceDate "2017.10.13"]
[SourceVersion "1"]
[SourceVersionDate "2017.10.13"]
[SourceQuality "1"]

1. Nf3 d5 2. d4 e6 3. e3 c5 4. b3 Nf6 5. Bb2 Nc6 6. Bd3 Qc7 7. 0-0 Bd6 8. c4 cxd4 9. exd4 dxc4 10. bxc4 0-0 11. Nc3 a6 12. Rc1 Bf4 13. Rb1 Nb4 14. Be2 Rd8 15. Qb3 Nc6 16. Rfd1 b6 17. Ba3 Rb8 18. Qc2 Na5 19. g3 Bd6 20. c5 Bf8 21. cxb6 Rxb6 22. Rxb6 Qxb6 23. Na4 Qc6 24. Qxc6 Nxc6 25. Bxf8 Kxf8 26. Nc5 a5 27. Bb5 Na7 28. a4 Nd5 29. Rc1 f6 30. Kf1 Nb4 31. Ke2 g5 32. Ke3 Ke7 33. Nd2 Nd5+ 34. Ke2 Nc7 35. Nb7 Ncxb5 36. Nxd8 Nxd4+ 37. Kd3 e5 38. Rc7+ Kxd8 39. Rxa7 Nc6 40. Rf7 Bf5+ 41. Kc4 Be6+ 42. Kc5 Bxf7 43. Kxc6 Be8+ 44. Kd6 Bxa4 45. Nc4 Ke8 46. Nxa5 Kf7 47. Nc4 Kg6 48. Ne3 Bb3 49. Ke7 h5 50. Kd6 g4 51. Kc5 Kg5 52. Kb4 Be6 53. Kc3 f5 54. Kd2 f4 55. Ng2 Bc4 56. Ke1 Bd5 57. Nh4 Be4 58. Ke2 Kf6 59. Ke1 Ke6 60. Ke2 Kd5 61. Ke1 Kc4 62. Ke2 f3+ 63. Ke3 Kd5 64. Kd2 Kd4 65. Kd1 Kd3 66. Ke1 Kc3 67. Kd1 Kd3 68. Ke1 Kc2 69. Kf1 Kd1 70. Kg1 Ke1 71. h3 gxh3 0-1

[Event "Napoli Primavera al Vomero op 7th"]
[Site "Napoli"]
[Date "2011.04.29"]
[Round "7"]
[White "Lombardo, Michele"]
[Black "Rosato, Luciano"]
[Result "0-1"]
[WhiteElo "2030"]
[BlackElo "2278"]
[PlyCount "82"]
[EventDate "2011.03.11"]
[EventType "swiss"]
[EventRounds "7"]
[EventCountry "ITA"]
[SourceTitle "EXT 2018"]
[Source "ChessBase"]
[SourceDate "2017.10.13"]
[SourceVersion "1"]
[SourceVersionDate "2017.10.13"]
[SourceQuality "1"]

1. b3 e5 2. Bb2 Nc6 3. g3 d5 4. Bg2 Nf6 5. e3 Bg4 6. Ne2 Qd7 7. h3 Be6 8. d4 e4 9. Ba3 Bxa3 10. Nxa3 0-0 11. Nb1 h6 12. Nd2 Ne7 13. c4 c6 14. Qc2 Nh7 15. b4 Ng5 16. Nf4 Bf5 17. a4 Ng6 18. h4 Nxf4 19. gxf4 Nf3+ 20. Bxf3 exf3 21. Qc3 a5 22. bxa5 Qd8 23. cxd5 cxd5 24. Nb3 Rc8 25. Nc5 Qf6 26. Qb4 Qg6 27. Kd2 Qg2 28. Raf1 Rc7 29. Qb6 Rc6 30. Qxb7 Qg6 31. Rc1 Rfc8 32. Qe7 Rb8 33. Rhg1 Bg4 34. Rc2 h5 35. Qe5 Rd8 36. Qg5 Qd6 37. Rxg4 hxg4 38. Qxg4 Qc7 39. a6 Rb8 40. Qxf3 Qa5+ 41. Kc1 Qe1+ 0-1

[Event "Napoli Primavera al Vomero op 7th"]
[Site "Napoli"]
[Date "2011.04.08"]
[Round "5"]
[White "Zinnai, Graziano Matteo"]
[Black "Rosato, Luciano"]
[Result "0-1"]
[WhiteElo "1807"]
[BlackElo "2278"]
[PlyCount "72"]
[EventDate "2011.03.11"]
[EventType "swiss"]
[EventRounds "7"]
[EventCountry "ITA"]
[SourceTitle "EXT 2018"]
[Source "ChessBase"]
[SourceDate "2017.10.13"]
[SourceVersion "1"]
[SourceVersionDate "2017.10.13"]
[SourceQuality "1"]

1. e4 d6 2. d4 g6 3. Nf3 Bg7 4. c3 Nf6 5. Qc2 0-0 6. Nbd2 Nc6 7. Be2 e5 8. 0-0 Nh5 9. dxe5 dxe5 10. Nc4 Nf4 11. Be3 b5 12. Na3 a6 13. Rad1 Qf6 14. Rfe1 g5 15. g3 Nxe2+ 16. Qxe2 Bg4 17. Kg2 h6 18. h3 Be6 19. b3 Rfe8 20. c4 b4 21. Nc2 Bf8 22. Bd2 Qg6 23. g4 Rad8 24. Kg3 Bc8 25. h4 f6 26. hxg5 fxg5 27. Rh1 Nd4 28. Ncxd4 exd4 29. e5 Bc5 30. Rh5 d3 31. Qe1 Rf8 32. Rh2 Bxg4 33. Kxg4 Qf5+ 34. Kh5 Qxf3+ 35. Kxh6 Rd7 36. Qh1 Rh7+ 0-1

[Event "Napoli Vomero Inverno op 6th"]
[Site "Napoli"]
[Date "2011.01.21"]
[Round "2"]
[White "Rosato, Luciano"]
[Black "Caiazzo, Diego"]
[Result "1-0"]
[WhiteElo "2278"]
[BlackElo "1863"]
[PlyCount "63"]
[EventDate "2011.01.14"]
[EventType "swiss"]
[EventRounds "7"]
[EventCountry "ITA"]
[SourceTitle "EXT 2012"]
[Source "ChessBase"]
[SourceDate "2011.11.24"]
[SourceVersion "1"]
[SourceVersionDate "2011.11.24"]
[SourceQuality "1"]

1. d4 d5 2. c4 c6 3. e3 Nf6 4. Nc3 e6 5. Nf3 Be7 6. b3 0-0 7. Bd3 Nbd7 8. 0-0 b6 9. Bb2 Bb7 10. Qc2 Rc8 11. Ne5 h6 12. f4 dxc4 13. bxc4 c5 14. Kh1 cxd4 15. exd4 Qc7 16. Nb5 Qb8 17. Qe2 Qa8 18. Nxd7 Nxd7 19. f5 e5 20. d5 Nc5 21. Bc2 f6 22. a4 a6 23. Nc3 Rfd8 24. Rf3 Kf7 25. Rg3 Bf8 26. Qh5+ Ke7 27. Ba3 Re8 28. Ne4 Kd8 29. Bxc5 bxc5 30. a5 Re7 31. Ba4 Rec7 32. Qe8# 1-0

[Event "Napoli Vomero Spring 7th"]
[Site "Napoli"]
[Date "2010.04.22"]
[Round "6"]
[White "Rosato, Luciano"]
[Black "Zinnai, Graziano Matteo"]
[Result "1-0"]
[WhiteElo "2260"]
[BlackElo "1662"]
[PlyCount "85"]
[EventDate "2010.03.18"]
[EventType "swiss"]
[EventRounds "6"]
[EventCountry "ITA"]
[SourceTitle "EXT 2024"]
[Source "ChessBase"]
[SourceDate "2023.10.10"]
[SourceVersion "1"]
[SourceVersionDate "2023.10.10"]
[SourceQuality "1"]

1. d4 Nf6 2. Nf3 g6 3. c4 Bg7 4. Nc3 d6 5. e4 0-0 6. Be2 Nbd7 7. 0-0 e5 8. Bg5 Re8 9. d5 h6 10. Be3 Ng4 11. Bd2 f5 12. Ne1 Ngf6 13. f3 f4 14. Nd3 Nf8 15. c5 g5 16. Rc1 a6 17. cxd6 cxd6 18. Nf2 Ng6 19. a4 h5 20. a5 Bd7 21. Na4 Bxa4 22. Qxa4 Qe7 23. Rc4 Rac8 24. Rfc1 Rxc4 25. Rxc4 Rf8 26. Qc2 Rf7 27. b4 Qd7 28. b5 axb5 29. Rb4 Qc7 30. Rb2 Qxc2 31. Rxc2 Kh7 32. Bb4 Bf8 33. Bxb5 g4 34. Be2 g3 35. hxg3 fxg3 36. Nh3 Bh6 37. Bxd6 Be3+ 38. Kh1 Kh6 39. Bc5 Bxc5 40. Rxc5 h4 41. Bb5 Re7 42. Kg1 Nh5 43. d6 1-0

[Event "Napoli Vomero Winter 5th"]
[Site "Napoli"]
[Date "2010.01.21"]
[Round "2"]
[White "Zinnai, Graziano Matteo"]
[Black "Rosato, Luciano"]
[Result "0-1"]
[WhiteElo "1620"]
[BlackElo "2264"]
[PlyCount "48"]
[EventDate "2010.01.14"]
[EventType "swiss"]
[EventRounds "7"]
[EventCountry "ITA"]
[SourceTitle "EXT 2024"]
[Source "ChessBase"]
[SourceDate "2023.10.10"]
[SourceVersion "1"]
[SourceVersionDate "2023.10.10"]
[SourceQuality "1"]

1. e4 c5 2. Nf3 a6 3. d4 cxd4 4. Nxd4 Nf6 5. Nc3 e5 6. Nb3 Bb4 7. f3 d5 8. exd5 Nxd5 9. Bd2 Nxc3 10. Bxc3 Bxc3+ 11. bxc3 Qc7 12. Qd2 Be6 13. Bd3 Nd7 14. 0-0 Rc8 15. Be4 0-0 16. Rac1 Rfd8 17. Qg5 h6 18. Qh5 Nf6 19. Qh4 b5 20. Rfd1 Nxe4 21. Qxe4 Qxc3 22. Rxd8+ Rxd8 23. Qb7 Bxb3 24. axb3 Qe3+ 0-1

[Event "Napoli Vomero Natale op 5th"]
[Site "Napoli"]
[Date "2009.11.26"]
[Round "4"]
[White "Seletsky, Grigory"]
[Black "Rosato, Luciano"]
[Result "1-0"]
[WhiteElo "2345"]
[BlackElo "2275"]
[PlyCount "71"]
[EventDate "2009.11.05"]
[EventType "swiss"]
[EventRounds "7"]
[EventCountry "ITA"]
[SourceTitle "EXT 2012"]
[Source "ChessBase"]
[SourceDate "2011.11.24"]
[SourceVersion "1"]
[SourceVersionDate "2011.11.24"]
[SourceQuality "1"]

1. e4 c5 2. Nf3 Nf6 3. Nc3 Nc6 4. d4 d5 5. exd5 Nxd5 6. Ne4 cxd4 7. Nxd4 e5 8. Nxc6 bxc6 9. c4 Nb6 10. Qxd8+ Kxd8 11. Bd2 Bf5 12. Ng3 Be6 13. Ba5 Ke8 14. b3 Bc5 15. Bd3 Bd4 16. Rd1 g6 17. Ne2 c5 18. Nxd4 cxd4 19. f4 f6 20. 0-0 Rf8 21. fxe5 fxe5 22. Rde1 Nd7 23. Bc7 Ke7 24. Bxe5 Nxe5 25. Rxe5 Rad8 26. Rfe1 Rf6 27. c5 Rc8 28. Bc4 Rc6 29. Bxe6 Rfxe6 30. Rxe6+ Rxe6 31. Kf2 a5 32. a3 Kd7 33. Rxe6 Kxe6 34. Ke2 Kd5 35. b4 Kc4 36. c6 1-0

[Event "Napoli Vomero Natale op 5th"]
[Site "Napoli"]
[Date "2009.11.05"]
[Round "1"]
[White "Rosato, Luciano"]
[Black "Esposito, Pino"]
[Result "1/2-1/2"]
[WhiteElo "2275"]
[BlackElo "1815"]
[PlyCount "118"]
[EventDate "2009.11.05"]
[EventType "swiss"]
[EventRounds "7"]
[EventCountry "ITA"]
[SourceTitle "EXT 2012"]
[Source "ChessBase"]
[SourceDate "2011.11.24"]
[SourceVersion "1"]
[SourceVersionDate "2011.11.24"]
[SourceQuality "1"]

1. d4 d5 2. Nf3 Nf6 3. e3 Bg4 4. c4 c6 5. Qb3 Qb6 6. Nc3 e6 7. Ne5 Nbd7 8. Nxg4 Nxg4 9. Be2 Ngf6 10. Bd2 Be7 11. Qxb6 axb6 12. 0-0 0-0 13. Rfc1 Rfe8 14. a3 Bd6 15. f4 Ne4 16. Nxe4 dxe4 17. b4 Be7 18. g4 h6 19. Kf2 g6 20. Kg3 f5 21. h4 Kf7 22. Bc3 Rg8 23. Rd1 Bf6 24. Ra2 Rgd8 25. Ba1 Be7 26. Rdd2 Nf8 27. gxf5 gxf5 28. Bh5+ Kg8 29. d5 Kh7 30. Kh3 exd5 31. Rg2 Bxb4 32. axb4 Rxa2 33. Rxa2 dxc4 34. Rg2 Rd7 35. Bd4 Rxd4 36. exd4 Ne6 37. Kg3 Nxd4 38. Kf2 c5 39. bxc5 bxc5 40. Ke3 b5 41. Ra2 c3 42. Ra7+ Kg8 43. Rc7 Nc2+ 44. Ke2 c4 45. Bf7+ Kf8 46. Bxc4 Nd4+ 47. Ke3 Nc2+ 48. Kf2 bxc4 49. Rxc4 Kf7 50. Rxc3 Nd4 51. Ke3 Ne6 52. Rc6 h5 53. Ra6 Ke7 54. Ra8 Kf6 55. Ra1 Kf7 56. Rf1 Kf6 57. Kd2 Nf8 58. Ke3 Ne6 59. Ra1 Kf7 1/2-1/2

[Event "Napoli Vomero Settembre op 6th"]
[Site "Napoli"]
[Date "2009.10.08"]
[Round "4"]
[White "Rosato, Luciano"]
[Black "De Rosa, Mariagrazia"]
[Result "1-0"]
[WhiteElo "2275"]
[BlackElo "2101"]
[PlyCount "135"]
[EventDate "2009.09.10"]
[EventType "swiss"]
[EventRounds "6"]
[EventCountry "ITA"]
[SourceTitle "EXT 2011"]
[Source "ChessBase"]
[SourceDate "2010.11.26"]
[SourceVersion "1"]
[SourceVersionDate "2010.11.26"]
[SourceQuality "1"]

1. d4 d5 2. Nf3 Nf6 3. e3 e6 4. Bd3 a6 5. 0-0 c5 6. c3 Nc6 7. Nbd2 Bd6 8. Qe2 0-0 9. dxc5 Bxc5 10. e4 e5 11. exd5 Nxd5 12. Nb3 Bd6 13. Rd1 Nf6 14. Bg5 h6 15. Bxf6 Qxf6 16. Nbd2 Bc7 17. Be4 Re8 18. Nf1 Bf5 19. Bxf5 Qxf5 20. Ne3 Qe6 21. Nd5 Bd6 22. Ne3 Rad8 23. Qc4 Qxc4 24. Nxc4 Bc7 25. Rxd8 Rxd8 26. Re1 b5 27. Ncd2 f5 28. Nf1 Kf7 29. Re2 e4 30. N3d2 Ne5 31. Nb3 Bb6 32. g3 Rd1 33. Kg2 Nc4 34. g4 g6 35. gxf5 gxf5 36. Nbd2 Nxb2 37. Nxe4 Nc4 38. Ned2 Rc1 39. Nxc4 bxc4 40. Ne3 Bxe3 41. Rxe3 Rc2 42. Re5 Kf6 43. Ra5 Rxc3 44. Rxa6+ Ke5 45. Rxh6 Ra3 46. Rc6 Kd5 47. Rc8 Rxa2 48. h4 Kd4 49. Rd8+ Ke4 50. Rc8 Kd3 51. Kf3 c3 52. Rd8+ Kc2 53. h5 Kb2 54. h6 Ra7 55. Rb8+ Kc2 56. Rc8 Kb2 57. Rb8+ Ka2 58. Ke2 Rd7 59. Rc8 Kb1 60. Rxc3 Kb2 61. Rc6 Ka3 62. Kf3 Kb4 63. Kf4 Rf7 64. Kg5 Kb5 65. Rf6 Rd7 66. Kg6 Rd1 67. Rxf5+ Kc6 68. h7 1-0

[Event "Napoli Vomero Settembre op 6th"]
[Site "Napoli"]
[Date "2009.09.15"]
[Round "2"]
[White "Rosato, Luciano"]
[Black "Angelotti, Mario"]
[Result "1-0"]
[WhiteElo "2275"]
[BlackElo "1428"]
[PlyCount "45"]
[EventDate "2009.09.10"]
[EventType "swiss"]
[EventRounds "6"]
[EventCountry "ITA"]
[SourceTitle "EXT 2011"]
[Source "ChessBase"]
[SourceDate "2010.11.26"]
[SourceVersion "1"]
[SourceVersionDate "2010.11.26"]
[SourceQuality "1"]

1. d4 Nf6 2. c4 c5 3. d5 d6 4. Nc3 g6 5. e4 Bg7 6. Nf3 Bg4 7. Be2 Nbd7 8. 0-0 0-0 9. h3 Bxf3 10. Bxf3 Ne5 11. Be2 Re8 12. Bf4 Nfd7 13. Bh2 e6 14. f4 exd5 15. cxd5 Qh4 16. fxe5 Bxe5 17. Bxe5 Rxe5 18. Qe1 Qh6 19. Qf2 Rf8 20. Bd3 Rg5 21. Qf4 Ne5 22. Be2 f5 23. h4 1-0

[Event "Napoli Vomero op 3rd"]
[Site "Napoli"]
[Date "2009.06.18"]
[Round "6"]
[White "Rosato, Luciano"]
[Black "Ficco, Corrado"]
[Result "1/2-1/2"]
[WhiteElo "2268"]
[BlackElo "2163"]
[PlyCount "105"]
[EventDate "2009.05.07"]
[EventType "swiss"]
[EventRounds "6"]
[EventCountry "ITA"]
[SourceTitle "EXT 2011"]
[Source "ChessBase"]
[SourceDate "2010.11.26"]
[SourceVersion "1"]
[SourceVersionDate "2010.11.26"]
[SourceQuality "1"]

1. d4 f5 2. Bg5 c6 3. e3 Qb6 4. Bd3 d6 5. Nf3 g6 6. Nbd2 Bg7 7. Nc4 Qc7 8. a4 Nf6 9. a5 Be6 10. c3 Nbd7 11. Qc2 0-0 12. h4 Rae8 13. Ncd2 Bd5 14. h5 e5 15. dxe5 dxe5 16. e4 fxe4 17. Nxe4 Nxh5 18. Nfd2 Nf4 19. Bf1 b6 20. c4 Bf7 21. f3 Ne6 22. Be3 Nd4 23. Bxd4 exd4 24. Bd3 Qg3+ 25. Kf1 Qe5 26. axb6 axb6 27. Kf2 Ra8 28. Rae1 Rfe8 29. g3 h6 30. f4 Qc7 31. Nf3 Re6 32. Nh2 Rae8 33. Ng4 h5 34. Nh2 Nf6 35. Nxf6+ Rxf6 36. Rxe8+ Bxe8 37. Re1 Bf7 38. Nf3 Bh6 39. Kg2 Qd6 40. Nd2 Re6 41. Ne4 Qe7 42. Ra1 Kg7 43. Rf1 c5 44. b3 Qb7 45. Kh2 Qc7 46. Qf2 Qe7 47. Qc2 Be8 48. Re1 h4 49. Qg2 Bc6 50. Qf3 Bxe4 51. Rxe4 hxg3+ 52. Kxg3 Rxe4 53. Qxe4 1/2-1/2

[Event "Napoli Vomero op 3rd"]
[Site "Napoli"]
[Date "2009.06.04"]
[Round "4"]
[White "Rosato, Luciano"]
[Black "Messina, Enrico"]
[Result "1/2-1/2"]
[WhiteElo "2268"]
[BlackElo "2147"]
[PlyCount "52"]
[EventDate "2009.05.07"]
[EventType "swiss"]
[EventRounds "6"]
[EventCountry "ITA"]
[SourceTitle "EXT 2011"]
[Source "ChessBase"]
[SourceDate "2010.11.26"]
[SourceVersion "1"]
[SourceVersionDate "2010.11.26"]
[SourceQuality "1"]

1. Nf3 g6 2. c4 Bg7 3. Nc3 e5 4. d4 exd4 5. Nxd4 d6 6. e4 Nf6 7. Be2 0-0 8. 0-0 Re8 9. f3 Nbd7 10. Bg5 Nc5 11. Qd2 Nfxe4 12. Nxe4 Nxe4 13. fxe4 Bxd4+ 14. Kh1 f6 15. Qxd4 fxg5 16. c5 dxc5 17. Rf8+ Rxf8 18. Bc4+ Be6 19. Bxe6+ Rf7 20. Qxc5 Qf6 21. Bxf7+ Qxf7 22. Qxg5 Re8 23. Qe3 Qe6 24. Qxa7 Qxe4 25. Qa5 Qe5 26. Qb4 Qe4 1/2-1/2

[Event "Napoli Vomero op 3rd"]
[Site "Napoli"]
[Date "2009.05.21"]
[Round "3"]
[White "Supino, Domenico"]
[Black "Rosato, Luciano"]
[Result "0-1"]
[WhiteElo "2102"]
[BlackElo "2268"]
[PlyCount "66"]
[EventDate "2009.05.07"]
[EventType "swiss"]
[EventRounds "6"]
[EventCountry "ITA"]
[SourceTitle "EXT 2011"]
[Source "ChessBase"]
[SourceDate "2010.11.26"]
[SourceVersion "1"]
[SourceVersionDate "2010.11.26"]
[SourceQuality "1"]

1. e4 d6 2. d4 Nf6 3. Bd3 e5 4. Nf3 Nc6 5. c3 g6 6. 0-0 Bg7 7. Nbd2 0-0 8. h3 Nh5 9. d5 Ne7 10. Nc4 Qe8 11. Be2 h6 12. a4 Nf6 13. Bd3 Nh7 14. b4 f5 15. b5 f4 16. a5 g5 17. Nh2 Bd7 18. Rb1 b6 19. a6 Qg6 20. Bd2 h5 21. f3 Nf6 22. Be2 Kh7 23. Kf2 g4 24. hxg4 hxg4 25. Nxg4 Bxg4 26. fxg4 Nxe4+ 27. Ke1 Nc5 28. Rh1+ Kg8 29. Na3 e4 30. c4 Rae8 31. Bb4 f3 32. Bf1 Qxg4 33. Bxc5 Bc3+ 0-1

[Event "Napoli Vomero op 3rd"]
[Site "Napoli"]
[Date "2009.05.14"]
[Round "2"]
[White "Rosato, Luciano"]
[Black "Cosenza, Gianni"]
[Result "1-0"]
[WhiteElo "2268"]
[BlackElo "1927"]
[PlyCount "57"]
[EventDate "2009.05.07"]
[EventType "swiss"]
[EventRounds "6"]
[EventCountry "ITA"]
[SourceTitle "EXT 2011"]
[Source "ChessBase"]
[SourceDate "2010.11.26"]
[SourceVersion "1"]
[SourceVersionDate "2010.11.26"]
[SourceQuality "1"]

1. e4 e6 2. d3 d5 3. Nd2 c5 4. Ngf3 Nc6 5. g3 Bd6 6. Bg2 Nge7 7. 0-0 0-0 8. Re1 f6 9. c3 Bd7 10. Qe2 Rc8 11. Nh4 d4 12. f4 Qe8 13. Nc4 Bb8 14. a4 b6 15. e5 fxe5 16. fxe5 Na5 17. Nxa5 bxa5 18. Nf3 Nc6 19. Bf4 Bc7 20. Nd2 Qe7 21. Nc4 Rb8 22. Be4 Kh8 23. Qh5 Rf5 24. Bxf5 exf5 25. e6 Bc8 26. Qg5 Bxf4 27. Qxe7 Nxe7 28. gxf4 Nd5 29. Re5 1-0

[Event "Napoli Vomero Primavera op 6th"]
[Site "Napoli"]
[Date "2009.04.16"]
[Round "6"]
[White "Rosato, Luciano"]
[Black "Messina, Enrico"]
[Result "1-0"]
[WhiteElo "2267"]
[BlackElo "2147"]
[PlyCount "51"]
[EventDate "2009.03.12"]
[EventType "swiss"]
[EventRounds "7"]
[EventCountry "ITA"]
[SourceTitle "EXT 2011"]
[Source "ChessBase"]
[SourceDate "2010.11.26"]
[SourceVersion "1"]
[SourceVersionDate "2010.11.26"]
[SourceQuality "1"]

1. d4 Nf6 2. c4 c5 3. d5 e5 4. Nc3 d6 5. e4 Be7 6. Be2 Nbd7 7. Be3 Nf8 8. Qd2 a6 9. g3 h5 10. h3 Ng6 11. f4 exf4 12. gxf4 0-0 13. Nf3 Qa5 14. f5 Ne5 15. Nxe5 dxe5 16. Rg1 Kh7 17. Bf3 Qb4 18. Qe2 g6 19. fxg6+ fxg6 20. Qg2 Rg8 21. Qg5 Rg7 22. Qh6+ Kg8 23. Rxg6 Ne8 24. 0-0-0 Qxc4 25. Be2 Qb4 26. d6 1-0

[Event "Napoli Vomero Inverno op 4th"]
[Site "Napoli"]
[Date "2009.01.08"]
[Round "1"]
[White "Esposito, Pino"]
[Black "Rosato, Luciano"]
[Result "0-1"]
[WhiteElo "1832"]
[BlackElo "2267"]
[PlyCount "136"]
[EventDate "2009.01.08"]
[EventType "swiss"]
[EventRounds "7"]
[EventCountry "ITA"]
[SourceTitle "EXT 2011"]
[Source "ChessBase"]
[SourceDate "2010.11.26"]
[SourceVersion "1"]
[SourceVersionDate "2010.11.26"]
[SourceQuality "1"]

1. d4 Nf6 2. c4 g6 3. Nc3 Bg7 4. e4 d6 5. Bd3 0-0 6. Nge2 e5 7. d5 a5 8. f3 Na6 9. Be3 Nc5 10. g4 Bxg4 11. fxg4 Nxg4 12. Qd2 Qh4+ 13. Kd1 Nxe3+ 14. Qxe3 Bh6 15. Qg3 Qxg3 16. hxg3 Nxd3 17. Rxh6 Kg7 18. Rh2 Nxb2+ 19. Kc2 Nxc4 20. Kd3 Na3 21. g4 f6 22. Rah1 Rh8 23. Ng3 b5 24. Nce2 b4 25. Rc1 Rac8 26. Rc6 Nb5 27. Kc4 Rb8 28. Rh1 a4 29. Nf1 Rhc8 30. Nd2 Na3+ 31. Kd3 b3 32. axb3 axb3 33. Ra6 Nc2 34. Kc3 Ne3 35. Rg1 b2 36. Nb1 h5 37. gxh5 Rb7 38. Rxg6+ Kf7 39. Rg1 Rcb8 40. Ra3 f5 41. exf5 Nxd5+ 42. Kd2 Nf6 43. h6 Ne4+ 44. Kc2 Rh8 45. Rh3 Kf6 46. h7 c5 47. Rg8 Rhxh7 48. Rf8+ Rbf7 49. Rxf7+ Rxf7 50. Kxb2 Rb7+ 51. Kc2 Kxf5 52. Nbc3 Nf6 53. Rd3 Ke6 54. Ng3 d5 55. Rd1 Rg7 56. Nce2 e4 57. Ra1 Ke5 58. Ra6 Ng4 59. Rc6 c4 60. Nh5 Rf7 61. Kd2 Nh2 62. Nhg3 Nf3+ 63. Kd1 Nd4 64. Nxd4 Kxd4 65. Rd6 Ke5 66. Rc6 Kf4 67. Ne2+ Ke3 68. Nc3 Kd3 0-1